Największe miasta na Białorusi - Statystyki

Ogólne statystyki
  • Ten quiz został rozwiązany 230 razy
  • Średni wynik to 8 z 15
Statystyki odpowiedzi
LP Liczba ludności Miasta % Poprawnych
1. 2.020.600 Mińsk
100%
5. 356.900 Grodno
91%
6. 339.700 Brześć
90%
2. 510.300 Homel
79%
4. 357.100 Witebsk
74%
3. 364.800 Mohylew
58%
10. 126.300 Pińsk
46%
8. 175.000 Baranowicze
45%
9. 140.700 Borysów
41%
7. 212.200 Bobrujsk
31%
11. 122.200 Orsza
28%
14. 100.800 Soligorsk
26%
12. 112.200 Mozyrz
21%
15. 97.800 Mołodeczno
18%
13. 101.000 Nowopołock
14%
Nie znaleziono quizów pasujących do podanych kryteriów
Rozkład punktacji
Procent ludzi z każdym wynikiem
Percentyl według liczby udzielonych odpowiedzi
Twoja historia wyników
Nie rozwiązałeś tego quizu